British Commonwealth Countries in Asia - Map Quiz - Statistics

General Stats
  • This quiz has been taken 35 times
  • The average score is 9 of 9
Answers on the Map
Answers color-coded by a green-red scale on the quiz's map according to % correct below.
 
Answer Stats
Answer % Correct
Bangladesh
100%
India
100%
Maldives
97%
Pakistan
97%
Singapore
97%
Cyprus
93%
Malaysia
93%
Sri Lanka
93%
Brunei
90%
No matching quizzes found
Score Distribution
Percent of People with Each Score
Percentile by Number Answered
Your Score History
You have not taken this quiz